|
|
|
|
| LEADER |
00000nab a2200000 a 4500 |
| 001 |
vtls008415306 |
| 003 |
SK-MaSNL |
| 005 |
20260303070243.0 |
| 008 |
040806c2005 xo 0 slo |
| 015 |
|
|
|a SNBCL2005/5
|
| 035 |
|
|
|a SLK033636
|
| 040 |
|
|
|a SLKCL
|b slo
|c SNKBUCL
|e AACR2
|
| 041 |
1 |
|
|a slo
|
| 044 |
|
|
|a xo
|c SK
|
| 080 |
|
|
|a 615.015.32
|2 1981
|
| 100 |
1 |
|
|a Petroci, V.
|4 aut
|9 1067445
|
| 245 |
1 |
0 |
|a Akútny prípad ovčích kiahní
|c V. Petroci
|
| 650 |
0 |
7 |
|a kiahne ovčie
|2 MESH
|9 1002919
|
| 650 |
0 |
7 |
|a homeopatia
|2 MESH
|9 1144
|
| 650 |
0 |
7 |
|a kazuistika
|2 MESH
|9 19523
|
| 773 |
0 |
|
|w SERIAL_GENERAL*000207*2005*005*002
|x 1335-6569
|t Spravodajca SHS
|g Č. 2 (2005), s. 13-14
|
| 850 |
|
|
|a Slovenská lekárska knižnica v Bratislave
|a BA006
|
| 852 |
|
|
|a BA006
|b KIS3GCP
|b 000500000
|
| 999 |
|
|
|c 1754535
|d 1756465
|